| 000 | 01466nam a22002297a 4500 | ||
|---|---|---|---|
| 003 | NALT | ||
| 005 | 20220120112643.0 | ||
| 008 | s2547 th tha d | ||
| 040 | _aNALT | ||
| 041 | _atha | ||
| 050 |
_aJQ 1746.Z13.A87 _bว357ค 2547 |
||
| 100 | 0 |
_aวสพรรณ อินทรสุขศรี _955665 |
|
| 245 | 1 | 0 |
_aความคิดเห็นของผู้บริหารระดับกลางของกระทรวงแรงงานต่อการทำงานในระบบกลุ่มภารกิจ (Clusters) : _bศึกษาเฉพาะกรณีส่วนกลางของกระทรวงแรงงาน (กทม.) / _cวสพรรณ อินทรสุขศรี. |
| 260 |
_aกรุงเทพฯ : _bคณะสังคมสงเคราะห์ศาสตร์ มหาวิทยาลัยธรรมศาสตร์, _c2547 |
||
| 300 |
_a94 หน้า : _bตาราง ; _c30 ซม. |
||
| 650 | 0 | 4 | _aกระทรวงแรงงาน -- ผู้บริหาร -- ทัศนคติต่อการทำงาน |
| 650 | 0 | 4 | _aข้าราชการ -- ทัศนคติต่อการทำงาน -- วิจัย |
| 650 | 0 | 4 | _aกลุ่มภารกิจ (กฎกระทรวง) -- 2546 |
| 650 | 0 | 4 | _aกลุ่มภารกิจ |
| 850 | _aNALT | ||
| 942 |
_cRSH _2lcc |
||
| 999 |
_c45471 _d45471 |
||
| 998 |
_j109 _k อารีรัตน์ วิชาช่าง |
||